Las cinco mejores obras de R. L. Stevenson / (Registro nro. 147956)

Detalles MARC
000 -LEADER
campo de control de longitud fija 00987nam a2200277 4500
001 - NÚMERO DE CONTROL
campo de control 147956
003 - IDENTIFICADOR DE NÚMERO DE CONTROL
campo de control ES-MaACL
005 - FECHA Y HORA DE LA ÚLTIMA TRANSACCIÓN
campo de control 20240516063057.0
007 - CAMPO FIJO DE DESCRIPCIÓN FÍSICA--INFORMACIÓN GENERAL
campo de control de longitud fija t|
008 - DATOS DE LONGITUD FIJA--INFORMACIÓN GENERAL
campo de control de longitud fija 070214n19501959sp r ||||1| spa d
100 0# - ENTRADA PRINCIPAL--NOMBRE DE PERSONA
Nombre de persona Stevenson, Robert Louis,
Fechas asociadas al nombre 1850-1894
9 (RLIN) 108169
245 14 - MENCIÓN DEL TÍTULO
Título Las cinco mejores obras de R. L. Stevenson /
Mención de responsabilidad, etc. prólogo de José Castellano.
260 ## - PUBLICACIÓN, DISTRIBUCIÓN, ETC.
Lugar de publicación, distribución, etc. Barcelona :
Nombre del editor, distribuidor, etc. Mateu,
Fecha de publicación, distribución, etc. [195_?] (
Fabricante Imp. Ibérica)
300 ## - DESCRIPCIÓN FÍSICA
Extensión 762 p. ;
Dimensiones 25 cm.
490 1# - MENCIÓN DE SERIE
Mención de serie Cinco mejores obras
500 ## - NOTA GENERAL
Nota general Contiene: La isla del tesoro ----- La flecha negra ----- Aventuras de David Balfour ----- El señor de Balantry ------ Narraciones.
700 1# - ENTRADA AGREGADA--NOMBRE PERSONAL
Nombre de persona Castellano, José.
9 (RLIN) 36504
740 0# - ENTRADA AGREGADA--TÍTULO RELACIONADO/ANALÍTICO NO CONTROLADO
Título relacionado o analítico no controlado La isla del tesoro.
740 0# - ENTRADA AGREGADA--TÍTULO RELACIONADO/ANALÍTICO NO CONTROLADO
Título relacionado o analítico no controlado La flecha negra.
740 0# - ENTRADA AGREGADA--TÍTULO RELACIONADO/ANALÍTICO NO CONTROLADO
Título relacionado o analítico no controlado Aventuras de David Balfour.
740 0# - ENTRADA AGREGADA--TÍTULO RELACIONADO/ANALÍTICO NO CONTROLADO
Título relacionado o analítico no controlado El señor de Balantry.
740 0# - ENTRADA AGREGADA--TÍTULO RELACIONADO/ANALÍTICO NO CONTROLADO
Título relacionado o analítico no controlado Narraciones.
830 0# - PUNTO DE ACCESO ADICIONAL DE SERIE-TÍTULO UNIFORME
Título uniforme Cinco mejores obras
9 (RLIN) 187121
852 ## - LOCALIZACIÓN
Ubicación ES-MaACL
Número de control de estantería C-11238
Sublocalización o colección R.39515
Existencias
Estatus retirado Estado de pérdida Estado de daño No para préstamo Biblioteca de origen Biblioteca actual Ubicación en estantería Fecha de adquisición Fuente de adquisición Total de préstamos Signatura topográfica completa Código de barras Visto por última vez Precio de reemplazo Tipo de ítem Koha
        Biblioteca del Ateneo de Madrid Biblioteca del Ateneo de Madrid Sala Palomar 17/01/2008     C-11238 1154409 23/02/2023 23/02/2023 Libro impreso